[Event "Canadian zt"]
[Site "Toronto"]
[Date "2024.03.27"]
[Round "1"]
[White "Kalinin, Dmitry2"]
[Black "Tanaka, Taira Tyler"]
[Result "1-0"]
[WhiteElo "1997"]
[BlackElo "2256"]
[PlyCount "101"]
[EventDate "2024.03.27"]
[EventType "team-swiss"]
[EventRounds "10"]
[EventCountry "CAN"]
[SourceTitle "CB15_2024"]
[SourceDate "2024.04.10"]
[SourceVersion "1"]
[SourceVersionDate "2024.04.10"]
[SourceQuality "1"]

1. d4 Nf6 2. c4 e6 3. Nc3 Bb4 4. Qc2 0-0 5. a3 Bxc3+ 6. Qxc3 d5 7. Bg5 dxc4 8. Qxc4 b6 9. b4 Ba6 10. b5 Bb7 11. Rc1 c6 12. e3 a6 13. Bxf6 Qxf6 14. bxa6 Rxa6 15. Qb4 b5 16. Nf3 Ra4 17. Qc5 Na6 18. Qc2 Rxa3 19. Bd3 h6 20. Bh7+ Kh8 21. Be4 Qe7 22. 0-0 Rc8 23. Ne5 c5 24. Qb2 b4 25. Bxb7 Qxb7 26. Nc4 Rb8 27. Nxa3 bxa3 28. Qxb7 Rxb7 29. dxc5 Rc7 30. Rc3 Rxc5 31. Rxc5 Nxc5 32. Ra1 g5 33. Rxa3 Kg7 34. f3 Nd7 35. Kf2 Kg6 36. e4 h5 37. Ke3 Ne5 38. Kd4 Kf6 39. Rc3 h4 40. Rb3 Ng6 41. Ke3 Nf4 42. Kf2 Ke5 43. Rb5+ Kf6 44. g3 hxg3+ 45. Kxg3 Nd3 46. Kg4 Nf2+ 47. Kh5 Nh3 48. Ra5 Ng1 49. Kg4 e5 50. Ra6+ Kg7 51. Ra2 1-0

[Event "Quebec op"]
[Site "Montreal"]
[Date "2023.08.04"]
[Round "9"]
[White "Deboosere, Adam Moussa"]
[Black "Tanaka, Taira Tyler"]
[Result "0-1"]
[WhiteElo "1745"]
[BlackElo "2297"]
[PlyCount "46"]
[EventDate "2023.07.29"]
[EventType "swiss"]
[EventRounds "9"]
[EventCountry "CAN"]
[SourceTitle "CBM 215 Extra"]
[Source "ChessBase"]
[SourceDate "2023.09.30"]
[SourceVersion "1"]
[SourceVersionDate "2023.09.30"]
[SourceQuality "1"]

1. c4 e5 2. g3 Nf6 3. Bg2 h6 4. Nc3 Bb4 5. Nd5 Nxd5 6. cxd5 0-0 7. a3 Be7 8. Nf3 Bf6 9. d3 c6 10. Nd2 cxd5 11. Bxd5 Nc6 12. Ne4 Qa5+ 13. Nc3 Ne7 14. Bg2 d5 15. b4 Qd8 16. Bb2 Be6 17. 0-0 Rc8 18. Na4 b6 19. Rc1 d4 20. Rxc8 Qxc8 21. Ba1 Qa6 22. f4 Nf5 23. Bc6 b5 0-1

[Event "Quebec op"]
[Site "Montreal"]
[Date "2023.07.31"]
[Round "4"]
[White "Sambuev, Bator"]
[Black "Tanaka, Taira Tyler"]
[Result "1-0"]
[WhiteElo "2457"]
[BlackElo "2297"]
[PlyCount "53"]
[EventDate "2023.07.29"]
[EventType "swiss"]
[EventRounds "9"]
[EventCountry "CAN"]
[SourceTitle "CBM 215 Extra"]
[Source "ChessBase"]
[SourceDate "2023.09.30"]
[SourceVersion "1"]
[SourceVersionDate "2023.09.30"]
[SourceQuality "1"]

1. d4 d5 2. c4 e6 3. Nc3 Nf6 4. Bg5 Be7 5. e3 h6 6. Bh4 0-0 7. Nf3 b6 8. g4 Ne4 9. Bxe7 Qxe7 10. g5 hxg5 11. Rg1 Nxc3 12. bxc3 Nd7 13. Nxg5 Nf6 14. Qc2 c5 15. 0-0-0 Ba6 16. Rg3 Rfc8 17. Kb1 cxd4 18. exd4 Bxc4 19. Bh3 Ne4 20. Rdg1 Qa3 21. Nxe4 dxe4 22. Rxg7+ Kf8 23. Qd2 Bd5 24. Bxe6 Bxe6 25. d5 e3 26. dxe6 fxe6 27. Qd7 1-0

[Event "Quebec op"]
[Site "Montreal"]
[Date "2023.07.30"]
[Round "3"]
[White "Tanaka, Taira Tyler"]
[Black "Rozentalis, Eduardas"]
[Result "1/2-1/2"]
[WhiteElo "2297"]
[BlackElo "2496"]
[PlyCount "67"]
[EventDate "2023.07.29"]
[EventType "swiss"]
[EventRounds "9"]
[EventCountry "CAN"]
[SourceTitle "CBM 215 Extra"]
[Source "ChessBase"]
[SourceDate "2023.09.30"]
[SourceVersion "1"]
[SourceVersionDate "2023.09.30"]
[SourceQuality "1"]

1. d4 Nf6 2. c4 e6 3. Nc3 Bb4 4. Qc2 d6 5. Bg5 Nbd7 6. e3 b6 7. Nge2 Bb7 8. f3 c5 9. a3 Bxc3+ 10. Nxc3 cxd4 11. exd4 a6 12. Bd3 Qc7 13. 0-0 h6 14. Bh4 0-0 15. Rae1 Rac8 16. Qe2 Rfe8 17. f4 d5 18. cxd5 exd5 19. Qf3 Qd6 20. Bf5 Ne4 21. Nxe4 dxe4 22. Bxe4 Rxe4 23. Rxe4 f5 24. Re6 Qxe6 25. Qxb7 Rc2 26. Qxa6 Qe4 27. Bf2 Kh7 28. Qb5 Nf6 29. Qe5 Rxb2 30. Qxe4 Nxe4 31. d5 b5 32. Be1 Rb3 33. Bb4 Rd3 34. d6 1/2-1/2

[Event "Titled Tuesday intern op 04th Jul Early"]
[Site "Chess.com INT"]
[Date "2023.07.04"]
[Round "6"]
[White "Labussiere, Yago"]
[Black "Tanaka, Taira Tyler"]
[Result "0-1"]
[WhiteElo "2224"]
[BlackElo "2297"]
[PlyCount "104"]
[EventDate "2023.07.04"]
[EventType "swiss (blitz)"]
[EventRounds "11"]
[EventCountry "USA"]
[SourceTitle "EXT 2024"]
[Source "ChessBase"]
[SourceDate "2023.10.10"]
[SourceVersion "1"]
[SourceVersionDate "2023.10.10"]
[SourceQuality "1"]

1. d4 Nf6 2. c4 e6 3. Nf3 d5 4. cxd5 exd5 5. Nc3 c6 6. Bg5 Be7 7. Qc2 0-0 8. e3 Re8 9. Bd3 Ne4 10. Bxe7 Qxe7 11. 0-0 Bf5 12. Rae1 Nd7 13. Nd2 Nxd2 14. Qxd2 Bxd3 15. Qxd3 a5 16. f3 b5 17. e4 b4 18. Na4 dxe4 19. fxe4 Rad8 20. Qc4 Nf6 21. Nc5 Nd7 22. Nb7 Rc8 23. Nxa5 c5 24. Nb7 Ne5 25. dxe5 Qxb7 26. Rf5 Re6 27. Ref1 Rce8 28. Qd5 Qxd5 29. exd5 Rxe5 30. Rxf7 Rxd5 31. Rc7 Rd2 32. Rff7 Re1+ 33. Rf1 Rxf1+ 34. Kxf1 Rxb2 35. Rxc5 Rxa2 36. Rb5 Rb2 37. Rb7 g6 38. h3 h5 39. h4 b3 40. Kg1 Rb1+ 41. Kh2 Kf8 42. Kg3 Ke8 43. Kh2 Kd8 44. Rb6 Kc7 45. Rb4 Kc6 46. Rb8 Kd5 47. Rg8 Kc5 48. Rxg6 b2 49. Rg5+ Kc4 50. Rg8 Rc1 51. Rc8+ Kd5 52. Rd8+ Ke6 0-1

[Event "CAN Transnational op"]
[Site "Montreal"]
[Date "2023.06.10"]
[Round "7"]
[White "Szabo, Gergely Andras"]
[Black "Tanaka, Taira Tyler"]
[Result "1-0"]
[WhiteElo "2504"]
[BlackElo "2315"]
[PlyCount "61"]
[EventDate "2023.06.06"]
[EventType "swiss"]
[EventRounds "9"]
[EventCountry "CAN"]
[SourceTitle "CBM 214 Extra"]
[Source "ChessBase"]
[SourceDate "2023.07.31"]
[SourceVersion "1"]
[SourceVersionDate "2023.07.31"]
[SourceQuality "1"]

1. d4 d5 2. Nf3 Nf6 3. e3 g6 4. Nbd2 Bg7 5. b4 0-0 6. c4 c6 7. a4 Ne4 8. Bb2 Bg4 9. Qb3 Bxf3 10. Nxf3 e6 11. Bd3 Nd7 12. 0-0 g5 13. cxd5 cxd5 14. Bxe4 dxe4 15. Nd2 Nf6 16. Rac1 Qd5 17. Qc2 g4 18. b5 Rfd8 19. Ba3 Rd7 20. Qb1 b6 21. Rc6 h5 22. Rfc1 h4 23. g3 h3 24. Kf1 Qf5 25. Bd6 Bh6 26. Ke2 Rad8 27. Be5 Rd5 28. Bxf6 Qxf6 29. Rc8 e5 30. Qxe4 exd4 31. Qxd5 1-0

[Event "Ottawa EOCA op"]
[Site "Ottawa"]
[Date "2023.03.04"]
[Round "3"]
[White "Sambuev, Bator"]
[Black "Tanaka, Taira Tyler"]
[Result "1-0"]
[WhiteElo "2487"]
[BlackElo "2357"]
[PlyCount "137"]
[EventDate "2023.03.03"]
[EventType "swiss"]
[EventRounds "5"]
[EventCountry "CAN"]
[SourceTitle "CBM 213 Extra"]
[Source "ChessBase"]
[SourceDate "2023.05.31"]
[SourceVersion "1"]
[SourceVersionDate "2023.05.31"]
[SourceQuality "1"]

1. d4 Nf6 2. c4 e6 3. Nc3 Bb4 4. e3 0-0 5. Bd3 d5 6. Nf3 c5 7. 0-0 cxd4 8. exd4 dxc4 9. Bxc4 b6 10. Qe2 Bb7 11. Rd1 h6 12. Bf4 Re8 13. Ne5 Nbd7 14. Rd3 Bxc3 15. bxc3 Nxe5 16. dxe5 Nd5 17. Qg4 h5 18. Qg3 Qc7 19. Bh6 g6 20. Bxd5 Bxd5 21. Bg5 Rac8 22. Bf6 Qc4 23. Rad1 Qg4 24. Qxg4 hxg4 25. Rd4 Rc4 26. Rxc4 Bxc4 27. Rd4 Rc8 28. Rxg4 Kf8 29. a3 Bd5 30. Rh4 Ke8 31. Rh8+ Kd7 32. Rxc8 Kxc8 33. f3 Kd7 34. Kf2 b5 35. Bg5 a5 36. Be3 Kc6 37. Kg3 Bc4 38. Kf4 Kd5 39. Bb6 a4 40. h4 Bf1 41. g4 Be2 42. h5 gxh5 43. gxh5 Bd1 44. h6 Bc2 45. Bc7 Kc4 46. Bd6 Kxc3 47. Kg5 Kd4 48. Kf6 Ke3 49. Kxf7 Bf5 50. Kg7 Kxf3 51. h7 Bxh7 52. Kxh7 Ke4 53. Kg8 b4 54. axb4 a3 55. b5 a2 56. b6 a1Q 57. b7 Qg1+ 58. Kf8 Qf1+ 59. Ke7 Qf5 60. b8Q Qh7+ 61. Kd8 Qg8+ 62. Kc7 Qf7+ 63. Kc6 Qf1 64. Qb5 Qh1 65. Kd7 Qh6 66. Qc4+ Kf5 67. Qc2+ Kg4 68. Qg2+ Kf5 69. Qf3+ 1-0

[Event "Montreal Pere Noel op"]
[Site "Montreal"]
[Date "2022.12.29"]
[Round "4"]
[White "Latorre, Vincent"]
[Black "Tanaka, Taira Tyler"]
[Result "1/2-1/2"]
[WhiteElo "1918"]
[BlackElo "2250"]
[PlyCount "245"]
[EventDate "2022.12.27"]
[EventType "swiss"]
[EventRounds "5"]
[EventCountry "CAN"]
[SourceTitle "CBM 211 Extra"]
[Source "ChessBase"]
[SourceDate "2023.01.31"]
[SourceVersion "1"]
[SourceVersionDate "2023.01.31"]
[SourceQuality "1"]

1. e4 c5 2. Nf3 d6 3. Nc3 Nf6 4. e5 dxe5 5. Nxe5 a6 6. a4 Qc7 7. d4 e6 8. a5 Bd7 9. Nc4 Nc6 10. dxc5 Bxc5 11. Bg5 Bb4 12. Be3 Nd5 13. Bd2 0-0 14. Be2 Bxc3 15. Bxc3 Nxc3 16. bxc3 Ne5 17. Qd6 Qxd6 18. Nxd6 Bc6 19. f3 Rfd8 20. Nc4 Nxc4 21. Bxc4 Rac8 22. Bd3 Kf8 23. Kd2 Ke7 24. c4 g5 25. Kc3 h5 26. Rab1 f5 27. Rhe1 Kf6 28. h3 Rg8 29. Rb6 g4 30. hxg4 hxg4 31. f4 Rce8 32. Re5 Bxg2 33. Rxf5+ Ke7 34. Rg5 Bc6 35. Bg6 Ref8 36. Rxg4 Rf6 37. Bh5 Rxg4 38. Bxg4 Rxf4 39. Be2 Kd6 40. Rb1 e5 41. Rg1 Rf2 42. Re1 Rh2 43. Bd3 Rh4 44. Rd1 Ke6 45. Re1 Kf6 46. Re3 e4 47. Bf1 Ke5 48. Kd2 Kf4 49. Re2 Ke5 50. Ke3 Rg4 51. Rg2 Rh4 52. Rg5+ Kf6 53. Rg3 Rh5 54. Bg2 Rxa5 55. Rg4 Ra3+ 56. Kd4 Kf5 57. Rxe4 Bxe4 58. Bxe4+ Ke6 59. Bxb7 a5 60. Bd5+ Kd6 61. c5+ Kc7 62. Kc4 Ra1 63. Kb5 a4 64. Kb4 a3 65. Kb3 Kd7 66. Ka4 Ke7 67. Bb3 Kf6 68. Kb5 Ke7 69. Ka4 Kf6 70. Kb5 a2 71. Ka4 Rc1 72. Bxa2 Rxc2 73. Bb3 Rxc5 74. Kb4 Rc7 75. Bc4 Ke5 76. Kc3 Ke4 77. Kb4 Kd4 78. Bf1 Rb7+ 79. Ka5 Kc5 80. Ka4 Rb1 81. Be2 Rb2 82. Bf1 Rf2 83. Bd3 Rf3 84. Be2 Rg3 85. Bf1 Re3 86. Ba6 Re6 87. Bf1 Rb6 88. Be2 Rb4+ 89. Ka3 Re4 90. Bh5 Kc4 91. Bf7+ Kc3 92. Ka2 Re2+ 93. Ka1 Rf2 94. Bg8 Rg2 95. Be6 Rb2 96. Bf5 Kb3 97. Be6+ Ka3 98. Bf5 Rg2 99. Be4 Rg1+ 100. Bb1 Kb4 101. Kb2 Rg2+ 102. Ka1 Kb3 103. Bf5 Ra2+ 104. Kb1 Re2 105. Ka1 Ra2+ 106. Kb1 Rf2 107. Be6+ Kc3 108. Ka1 Kc2 109. Bd5 Rd2 110. Be4+ Kb3 111. Bg6 Rd7 112. Bf5 Rd6 113. Bh7 Rd7 114. Bf5 Re7 115. Bg6 Ra7+ 116. Kb1 Rg7 117. Bc2+ Kc3 118. Bf5 Rg5 119. Be4 Rc5 120. Bg6 Rc6 121. Be4 Rb6+ 122. Ka1 Kb3 123. Bd5+ 1/2-1/2

[Event "Titled Tuesday intern op 23rd Aug Early"]
[Site "Chess.com INT"]
[Date "2022.08.23"]
[Round "6"]
[White "Garrido, Denis"]
[Black "Tanaka, Taira Tyler"]
[Result "0-1"]
[WhiteElo "2205"]
[BlackElo "2277"]
[PlyCount "66"]
[EventDate "2022.08.23"]
[EventType "swiss (blitz)"]
[EventRounds "11"]
[EventCountry "USA"]
[SourceTitle "EXT 2023"]
[Source "ChessBase"]
[SourceDate "2022.10.05"]
[SourceVersion "1"]
[SourceVersionDate "2022.10.05"]
[SourceQuality "1"]

1. e4 c5 2. Nf3 Nc6 3. Bb5 g6 4. 0-0 Bg7 5. Re1 Nf6 6. e5 Nd5 7. Nc3 Nc7 8. Bxc6 dxc6 9. Ne4 b6 10. Nf6+ Kf8 11. Ne4 h6 12. h3 Be6 13. d3 Nb5 14. c3 Qd7 15. a4 Nc7 16. Qe2 Rd8 17. Rd1 Bb3 18. Rd2 Be6 19. Rd1 Bb3 20. Rd2 Be6 21. a5 Kg8 22. axb6 axb6 23. Ra7 Kh7 24. b4 cxb4 25. cxb4 Ra8 26. Rxa8 Rxa8 27. Rc2 Nd5 28. Bd2 Ra4 29. Nd4 Ra1+ 30. Rc1 Rxc1+ 31. Bxc1 Nxb4 32. Bf4 Nd5 33. h4 Nxf4 0-1

[Event "Titled Tuesday intern op 23rd Aug Early"]
[Site "Chess.com INT"]
[Date "2022.08.23"]
[Round "5"]
[White "Tanaka, Taira Tyler"]
[Black "Santos Ruiz, Miguel"]
[Result "0-1"]
[WhiteElo "2277"]
[BlackElo "2581"]
[PlyCount "150"]
[EventDate "2022.08.23"]
[EventType "swiss (blitz)"]
[EventRounds "11"]
[EventCountry "USA"]
[SourceTitle "EXT 2023"]
[Source "ChessBase"]
[SourceDate "2022.10.05"]
[SourceVersion "1"]
[SourceVersionDate "2022.10.05"]
[SourceQuality "1"]

1. Nf3 c5 2. e4 Qc7 3. Nc3 e6 4. g3 a6 5. Bg2 b5 6. 0-0 Bb7 7. d4 cxd4 8. Nxd4 Nf6 9. Re1 d6 10. a4 bxa4 11. Rxa4 Be7 12. h3 0-0 13. Be3 Nbd7 14. Ra1 Ne5 15. Nde2 Rfd8 16. Bf4 Ng6 17. Be3 d5 18. exd5 Nxd5 19. Nxd5 Bxd5 20. Bxd5 Rxd5 21. Qc1 Qb7 22. Nf4 Nxf4 23. Bxf4 Rc8 24. c3 h5 25. h4 Rcd8 26. Qc2 Bc5 27. Rad1 Rxd1 28. Rxd1 Rxd1+ 29. Qxd1 Qxb2 30. Qd8+ Kh7 31. Qd3+ g6 32. Qf3 Qb1+ 33. Kg2 Qf5 34. Qe2 a5 35. Qb5 Qd5+ 36. Kf1 Qd1+ 37. Kg2 Qd5+ 38. Kf1 Be7 39. c4 Qh1+ 40. Ke2 Qe4+ 41. Kf1 Qd3+ 42. Kg2 Qe4+ 43. Kf1 Bf6 44. c5 a4 45. c6 a3 46. Qb3 Qxc6 47. Qxa3 Qh1+ 48. Ke2 Qe4+ 49. Qe3 Qxe3+ 50. Bxe3 Kg8 51. Kf3 Kf8 52. Ke4 Bg7 53. Bc5+ Ke8 54. f3 Kd7 55. Bf2 Kd6 56. g4 f5+ 57. gxf5 gxf5+ 58. Kf4 Bh6+ 59. Kg3 Kd5 60. Ba7 Kc4 61. Bb8 Kd3 62. f4 Ke2 63. Be5 Kd3 64. Bb8 Bf8 65. Be5 Bc5 66. Bf6 Bd4 67. Bg5 Ke4 68. Bh6 Be3 69. Bg5 Bd2 70. Bh6 e5 71. Bg5 Bxf4+ 72. Kf2 Kd5 73. Bxf4 exf4 74. Ke2 Ke4 75. Kf2 f3 0-1

[Event "Titled Tuesday intern op 26th Jul Early"]
[Site "Chess.com INT"]
[Date "2022.07.26"]
[Round "11"]
[White "Pfreundt, Jakob"]
[Black "Tanaka, Taira Tyler"]
[Result "1/2-1/2"]
[WhiteElo "2393"]
[BlackElo "2242"]
[PlyCount "95"]
[EventDate "2022.07.26"]
[EventType "swiss (blitz)"]
[EventRounds "11"]
[EventCountry "USA"]
[SourceTitle "EXT 2023"]
[Source "ChessBase"]
[SourceDate "2022.10.05"]
[SourceVersion "1"]
[SourceVersionDate "2022.10.05"]
[SourceQuality "1"]

1. Nf3 d5 2. g3 Bg4 3. Bg2 c6 4. h3 Bh5 5. 0-0 Nd7 6. d4 e6 7. c4 Ngf6 8. cxd5 exd5 9. Qb3 Qb6 10. Qe3+ Be7 11. Nh4 Bg6 12. Nc3 Qd8 13. Nxg6 hxg6 14. Qd3 0-0 15. Rb1 a5 16. b3 Re8 17. Bf4 Nf8 18. h4 Bd6 19. Bg5 Ne6 20. Bd2 Qe7 21. Bf3 Bb4 22. Kg2 Bxc3 23. Bxc3 g5 24. e3 gxh4 25. gxh4 g6 26. Rh1 Nh5 27. Bxh5 gxh5 28. Rbg1 Qf6 29. Kf1+ Kh8 30. Qd1 Qf5 31. Rg3 Rg8 32. Rhg1 Rxg3 33. Rxg3 Rg8 34. Kg2 Rxg3+ 35. Kxg3 b6 36. Qf3 Qg6+ 37. Kh2 Ng7 38. b4 a4 39. b5 cxb5 40. Qxd5 Nf5 41. Qe5+ Kh7 42. d5 Qg4 43. Qh8+ Kg6 44. Qg8+ Kh6 45. Qh8+ Kg6 46. Qg8+ Kh6 47. Qf8+ Kg6 48. Qg8+ 1/2-1/2

[Event "Titled Tuesday intern op 26th Jul Early"]
[Site "Chess.com INT"]
[Date "2022.07.26"]
[Round "3"]
[White "Tanaka, Taira Tyler"]
[Black "Nazari, Arad"]
[Result "0-1"]
[WhiteElo "2242"]
[BlackElo "2401"]
[PlyCount "128"]
[EventDate "2022.07.26"]
[EventType "swiss (blitz)"]
[EventRounds "11"]
[EventCountry "USA"]
[SourceTitle "EXT 2023"]
[Source "ChessBase"]
[SourceDate "2022.10.05"]
[SourceVersion "1"]
[SourceVersionDate "2022.10.05"]
[SourceQuality "1"]

1. e4 c5 2. Nf3 d6 3. Bb5+ Nd7 4. 0-0 a6 5. Bd3 b5 6. c3 Bb7 7. Re1 Ngf6 8. Bc2 e6 9. d4 Be7 10. Qe2 Qc7 11. a4 c4 12. axb5 axb5 13. Rxa8+ Bxa8 14. h3 e5 15. Na3 Qa5 16. d5 0-0 17. Be3 Bd8 18. Ra1 Bb6 19. Bxb6 Qxb6 20. Nd2 Bb7 21. b3 cxb3 22. Bxb3 Ra8 23. Qf1 Nc5 24. Bc2 h6 25. Qb1 Ra5 26. Nac4 Rxa1 27. Nxb6 Rxb1+ 28. Bxb1 Kf8 29. f3 Ke7 30. Bc2 Kd8 31. c4 Kc7 32. cxb5 Kxb6 33. Nc4+ Kc7 34. b6+ Kd7 35. Na5 Ke8 36. Ba4+ Nxa4 37. Nxb7 Ke7 38. Na5 Nxb6 39. Kf2 g5 40. g3 Nh5 41. Nc6+ Kd7 42. Nb8+ Ke8 43. Nc6 f5 44. exf5 Nxd5 45. Na7 Kd7 46. Nb5 Nhf6 47. h4 gxh4 48. gxh4 Ne7 49. f4 Nxf5 50. fxe5 dxe5 51. Kf3 Nxh4+ 52. Kg3 Nf5+ 53. Kf3 h5 54. Nc3 Ke6 55. Ne2 Nd4+ 56. Nxd4+ exd4 57. Kg3 Ke5 58. Kf3 h4 59. Ke2 h3 60. Kf1 d3 61. Kg1 Ng4 62. Kf1 Ke4 63. Ke1 h2 64. Kd2 Kd4 0-1

[Event "Titled Tuesday intern op 26th Jul Early"]
[Site "Chess.com INT"]
[Date "2022.07.26"]
[Round "7"]
[White "Tanaka, Taira Tyler"]
[Black "Piesik, Piotr"]
[Result "1-0"]
[WhiteElo "2242"]
[BlackElo "2440"]
[PlyCount "93"]
[EventDate "2022.07.26"]
[EventType "swiss (blitz)"]
[EventRounds "11"]
[EventCountry "USA"]
[SourceTitle "EXT 2023"]
[Source "ChessBase"]
[SourceDate "2022.10.05"]
[SourceVersion "1"]
[SourceVersionDate "2022.10.05"]
[SourceQuality "1"]

1. Nf3 g6 2. d4 Bg7 3. g3 Nf6 4. Bg2 d5 5. 0-0 0-0 6. c4 c6 7. cxd5 cxd5 8. Nc3 Ne4 9. Ne5 Nxc3 10. bxc3 Nc6 11. Nxc6 bxc6 12. Qa4 Qb6 13. Ba3 Qa6 14. Qxa6 Bxa6 15. Rfe1 Rfe8 16. e4 e6 17. e5 Reb8 18. Bf1 Bxf1 19. Kxf1 Rb5 20. Bd6 Bf8 21. Bxf8 Kxf8 22. Rab1 Rab8 23. Rxb5 Rxb5 24. Re2 c5 25. Rc2 cxd4 26. cxd4 Rb4 27. Rd2 f6 28. f4 Kf7 29. Rc2 Rb7 30. Ke2 g5 31. Kf3 fxe5 32. dxe5 gxf4 33. gxf4 h5 34. Rg2 Rb4 35. Rg5 Ra4 36. Rxh5 Rxa2 37. Rh7+ Kf8 38. f5 exf5 39. Kf4 d4 40. e6 d3 41. Kg5 d2 42. Kf6 Kg8 43. Rd7 Ra6 44. Rxd2 f4 45. Rd8+ Kh7 46. Kf7 f3 47. Rd3 1-0

[Event "Titled Tuesday intern op 26th Jul Early"]
[Site "Chess.com INT"]
[Date "2022.07.26"]
[Round "1"]
[White "Zierk, Steven C"]
[Black "Tanaka, Taira Tyler"]
[Result "1-0"]
[WhiteElo "2488"]
[BlackElo "2242"]
[PlyCount "25"]
[EventDate "2022.07.26"]
[EventType "swiss (blitz)"]
[EventRounds "11"]
[EventCountry "USA"]
[SourceTitle "EXT 2023"]
[Source "ChessBase"]
[SourceDate "2022.10.05"]
[SourceVersion "1"]
[SourceVersionDate "2022.10.05"]
[SourceQuality "1"]

1. b3 e5 2. Bb2 Nc6 3. c4 Nf6 4. e3 Be7 5. Nc3 0-0 6. Nf3 d5 7. cxd5 Nxd5 8. Nxd5 Qxd5 9. Bc4 Qd6 10. d4 exd4 11. Nxd4 Nxd4 12. Qxd4 Be6 13. Qxg7# 1-0

[Event "Barcelona Sant Marti op-A 22nd"]
[Site "Barcelona"]
[Date "2022.07.15"]
[Round "3"]
[White "Tanaka, Taira Tyler"]
[Black "Berdayes Ason, Dylan Isidro"]
[Result "0-1"]
[WhiteElo "2242"]
[BlackElo "2480"]
[PlyCount "54"]
[EventDate "2022.07.13"]
[EventType "swiss"]
[EventRounds "9"]
[EventCountry "ESP"]
[SourceTitle "CBM 209 Extra"]
[Source "ChessBase"]
[SourceDate "2022.09.30"]
[SourceVersion "1"]
[SourceVersionDate "2022.09.30"]
[SourceQuality "1"]

1. Nf3 d5 2. e3 Nf6 3. c4 e6 4. b3 c5 5. Bb2 Nc6 6. cxd5 exd5 7. Bb5 Bd6 8. 0-0 0-0 9. d4 cxd4 10. Bxc6 bxc6 11. Qxd4 c5 12. Qd3 Bb7 13. Nc3 Re8 14. Rfd1 Qe7 15. Qf5 a6 16. Rac1 Rad8 17. h3 h6 18. Qd3 d4 19. exd4 cxd4 20. Re1 dxc3 21. Rxe7 cxb2 22. Rxe8+ Nxe8 23. Qc2 bxc1Q+ 24. Qxc1 Nf6 25. Qc4 Ne4 26. g4 Bc5 27. g5 hxg5 0-1

[Event "Titled Tuesday intern op 12th Jul Late"]
[Site "Chess.com INT"]
[Date "2022.07.12"]
[Round "11"]
[White "Oro, Luis"]
[Black "Tanaka, Taira Tyler"]
[Result "1/2-1/2"]
[WhiteElo "2255"]
[BlackElo "2242"]
[PlyCount "136"]
[EventDate "2022.07.12"]
[EventType "swiss (blitz)"]
[EventRounds "11"]
[EventCountry "USA"]
[SourceTitle "EXT 2023"]
[Source "ChessBase"]
[SourceDate "2022.10.05"]
[SourceVersion "1"]
[SourceVersionDate "2022.10.05"]
[SourceQuality "1"]

1. e4 c6 2. d4 d5 3. e5 Bf5 4. h4 h5 5. Bd3 Bxd3 6. Qxd3 e6 7. Nf3 c5 8. c4 cxd4 9. cxd5 Qxd5 10. Qxd4 Qxd4 11. Nxd4 Nd7 12. Bf4 Ne7 13. Nc3 Ng6 14. Bg3 Ngxe5 15. Ndb5 Rc8 16. Nxa7 Rc4 17. Nab5 Be7 18. 0-0-0 Nc6 19. Nc7+ Kd8 20. Rd3 Kc8 21. N7b5 Nc5 22. Re3 Rd8 23. b3 Rg4 24. Kc2 Bf6 25. Nd6+ Kd7 26. Rd1 Ke7 27. Nf5+ Kf8 28. Bd6+ Kg8 29. Bxc5 Rxd1 30. Nxd1 exf5 31. g3 f4 32. Rf3 fxg3 33. fxg3 Bd4 34. Bd6 Rg6 35. Bf4 Re6 36. Kd3 Bf6 37. Ne3 Ne5+ 38. Bxe5 Rxe5 39. Rf5 Rxf5 40. Nxf5 g6 41. Nd6 Be5 42. Nxb7 Bxg3 43. a4 Bxh4 44. a5 Bf2 45. b4 Ba7 46. b5 h4 47. b6 Bxb6 48. axb6 h3 49. Nc5 h2 50. b7 h1Q 51. b8Q+ Kg7 52. Qe5+ Kg8 53. Qe8+ Kg7 54. Nd7 Qd1+ 55. Kc3 Qc1+ 56. Kd4 Qd1+ 57. Kc5 Qc2+ 58. Kd6 Qd3+ 59. Kc7 Qc4+ 60. Kd8 Qh4+ 61. Kc7 Qc4+ 62. Kb6 Qd4+ 63. Kb7 Qb4+ 64. Ka6 Qa4+ 65. Kb6 Qb4+ 66. Kc6 Qc4+ 67. Kd6 Qd4+ 68. Kc7 Qc4+ 1/2-1/2

[Event "Titled Tuesday intern op 12th Jul Late"]
[Site "Chess.com INT"]
[Date "2022.07.12"]
[Round "9"]
[White "Tanaka, Taira Tyler"]
[Black "Barria Zuniga, Daniel"]
[Result "0-1"]
[WhiteElo "2242"]
[BlackElo "2341"]
[PlyCount "94"]
[EventDate "2022.07.12"]
[EventType "swiss (blitz)"]
[EventRounds "11"]
[EventCountry "USA"]
[SourceTitle "EXT 2023"]
[Source "ChessBase"]
[SourceDate "2022.10.05"]
[SourceVersion "1"]
[SourceVersionDate "2022.10.05"]
[SourceQuality "1"]

1. e4 c5 2. Nf3 e6 3. d4 cxd4 4. Nxd4 a6 5. c4 Nf6 6. Nc3 Qc7 7. a3 b6 8. Be3 Bb7 9. f3 Nc6 10. Be2 Ne5 11. Rc1 Ng6 12. 0-0 Bd6 13. h3 Bh2+ 14. Kh1 Nh5 15. Bf2 Ng3+ 16. Bxg3 Bxg3 17. Bd3 0-0 18. Nde2 Be5 19. Qd2 Nf4 20. b3 Rad8 21. Qe3 Nxd3 22. Qxd3 f5 23. Rcd1 h6 24. Nd4 Qd6 25. exf5 Bxd4 26. Qxd4 Qxd4 27. Rxd4 Rxf5 28. Rfd1 Bc6 29. Ne4 Kf8 30. Nd6 Re5 31. b4 Ke7 32. b5 axb5 33. cxb5 Bxb5 34. Rb1 Bc6 35. Rxb6 Ra8 36. Nc4 Rc5 37. Rb4 Ra7 38. Kh2 Bd5 39. Nb6 Bc6 40. Nc4 Ra6 41. Kg3 Bb5 42. Ne3 Rxa3 43. Ng4 Bc6 44. h4 h5 45. Nf2 g5 46. hxg5 Rxg5+ 47. Kh2 Ra2 0-1